000 00334nam a2200145Ia 4500
008 230718s9999 xx 000 0 und d
041 _aEng.
082 _a342.02
_bPYL-S
100 _aPylee, M. V
245 0 _aSelect Constitutions of the
260 _aPakistan
_bLexis Nexis
_c2016
300 _a899
650 _aLaw
999 _c31357
_d31357